UBT Library

Physicochemical processes for water quality control (Record no. 44560)

000 -LEADER
fixed length control field 00622cam a2200217 4500
001 - CONTROL NUMBER
control field 3194700
005 - DATE AND TIME OF LATEST TRANSACTION
control field 20180309044500.0
008 - FIXED-LENGTH DATA ELEMENTS--GENERAL INFORMATION
fixed length control field 720727s1972 nyua b 001 0 eng
010 ## - LIBRARY OF CONGRESS CONTROL NUMBER
LC control number 77037026
020 ## - INTERNATIONAL STANDARD BOOK NUMBER
International Standard Book Number 0471924350
040 ## - CATALOGING SOURCE
Original cataloging agency DLC
Transcribing agency DLC
Modifying agency DLC
041 ## - LANGUAGE CODE
Language code of text/sound track or separate title eng
080 ## - UNIVERSAL DECIMAL CLASSIFICATION NUMBER
Universal Decimal Classification number 628.16
082 00 - DEWEY DECIMAL CLASSIFICATION NUMBER
Classification number 628.16 WEB
100 1# - Rafti
Rafti 12
101 ## - Shkurtesa
Shkurtesa KIM
245 10 - TITLE STATEMENT
Title Physicochemical processes for water quality control
Statement of responsibility, etc [by] Walter J. Weber, Jr. With contributions by Jack A. Borchardt [and others]
504 ## - BIBLIOGRAPHY, ETC. NOTE
Bibliography, etc Includes bibliographies.
906 ## - LOCAL DATA ELEMENT F, LDF (RLIN)
a 7
b cbc
c orignew
d 2
e ocip
f 19
g y-gencatlg
942 ## - ADDED ENTRY ELEMENTS (KOHA)
Source of classification or shelving scheme
Item type Books
Holdings
Withdrawn status Lost status Source of classification or shelving scheme Damaged status Not for loan Collection code Permanent location Current location Shelving location Date acquired Total Checkouts Full call number Barcode Date last seen Price effective from Koha item type
          Koleksioni i përgjithshem UBT - Lipjan UBT - Lipjan Koleksioni i përgjithshem 03/09/2018   628.16 WEB 002-3001509 03/09/2018 03/09/2018 Books
UBT Library © 2015-2024. All rights reserved University Education for Business and Technology